Normal view MARC view
  • Muhammad Adnan Aslam

Entry Personal Name

Number of records used in: 1

001 - CONTROL NUMBER

  • control field: 84328

003 - CONTROL NUMBER IDENTIFIER

  • control field: NUST

005 - DATE AND TIME OF LATEST TRANSACTION

  • control field: 20211117121121.0

008 - FIXED-LENGTH DATA ELEMENTS

  • fixed length control field: 211117|| aca||aabn | a|a d

040 ## - CATALOGING SOURCE

  • Original cataloging agency: NUST
  • Transcribing agency: NUST

100 ## - HEADING--PERSONAL NAME

  • Personal name: Muhammad Adnan Aslam

670 ## - SOURCE DATA FOUND

  • Source citation: Work cat.: (NUST): Muhammad Adnan Aslam , TH-SOF-1873-A Novel Image Steganographic Framework for Efficient Embedding Capacity and Stego Quality, 2021.
© 2023 Central Library, National University of Sciences and Technology. All Rights Reserved.